000 00691cam a2200217 a 4500
001 000019103
005 20200929165926.0
008 820415s1948 fr a 000 0 fre d
040 _aDO-SdBNP
_bfre
_cLC
_dBNPHU
082 _a891.733
_bD724c
100 1 _aDostoyevsky, Fyodor,
_d1821-1881.
_919889
245 1 0 _aCrime et chatiment /
_cFédor Dostoievsky ; traducción R. Hofman y S. Quévremont.
260 _a[Paris] :
_bBordas,
_c1948.
300 _a431 p. :
_bil. ;
_c21 cm.
650 4 _aNovela rusa
_94742
650 4 _aLiteratura rusa
_94743
700 1 _aHofmann, R.,
_etr.
_941107
700 1 _aQuévremont, S.,
_etr.
_941108
910 _aCatalogación derivada / LC
049 _aBNGR
999 _c18621
_d18621